[Event "7th Sunway Sitges 2020"]
[Site "Sitges ESP"]
[Date "2020.12.21"]
[Round "8.15"]
[White "Stefanova, Antoaneta"]
[Black "Garcia Ramos, Daniel"]
[Result "1-0"]
[WhiteTitle "GM"]
[BlackTitle "FM"]
[WhiteElo "2466"]
[BlackElo "2380"]
[WhiteFideId "2902257"]
[BlackFideId "32010311"]
[EventDate "2020.12.13"]

1. d4 d5 2. Bf4 Nf6 3. e3 e6 4. Nd2 Bd6 5. Bg3 O-O 6. Bd3 c5 7. c3 Nc6 8. f4 b6
9. Nh3 Bb7 10. Qf3 Ne7 11. Bf2 b5 12. Bh4 Ng6 13. Bxf6 Qxf6 14. O-O b4 15. Qh5
bxc3 16. bxc3 cxd4 17. cxd4 Rac8 18. Ng5 h6 19. Nxf7 Kxf7 20. Nf3 Kg8 21. Bxg6
Rc3 22. Rae1 Ba6 23. Rf2 Rfc8 24. g4 Rc1 25. Rxc1 Rxc1+ 26. Kg2 Bxf4 27. exf4
Qxf4 28. Qe5 Qf6 29. Bc2 Bf1+ 30. Kg3 Bc4 31. Qb8+ Qf8 32. Bh7+ 1-0

[Event "7th Sunway Sitges 2020"]
[Site "Sitges ESP"]
[Date "2020.12.21"]
[Round "8.16"]
[White "Jimenez Ruano, Adrian"]
[Black "Maurizzi, Marc Andria"]
[Result "0-1"]
[WhiteTitle "FM"]
[BlackTitle "IM"]
[WhiteElo "2279"]
[BlackElo "2445"]
[WhiteFideId "22276050"]
[BlackFideId "36083534"]
[EventDate "2020.12.13"]

1. d4 Nf6 2. c4 g6 3. Nc3 Bg7 4. e4 d6 5. h3 O-O 6. Nf3 e5 7. d5 a5 8. g4 Na6 9.
Bg5 Qe8 10. Qc2 Kh8 11. Ng1 Ng8 12. f3 f5 13. O-O-O Bd7 14. Bg2 Nc5 15. Kb1 fxe4
16. fxe4 b5 17. cxb5 Bxb5 18. Be3 Bd7 19. Nge2 h6 20. Qd2 Bf6 21. g5 Bxg5 22.
Bxg5 hxg5 23. Qxg5 Rf7 24. Rdf1 Rh7 25. h4 Rh5 26. Qe3 Rh7 27. Ng3 Qd8 28. h5 g5
29. Nf5 g4 30. h6 Rb8 31. Nh4 Nxh6 32. Nf5 Nxf5 33. Rxh7+ Kxh7 34. exf5 Qf6 35.
Be4 Rg8 36. Bc2 Rg5 37. Qf2 g3 38. Qg2 Kg8 39. Rf3 Bxf5 40. Bxf5 Rxf5 41. Rxg3+
Kf7 42. a3 Rf2 43. Qh3 Qf5+ 44. Qxf5+ Rxf5 45. Nb5 Rf1+ 46. Kc2 Rf2+ 47. Kb1 e4
48. Nxc7 Nd3 49. Re3 Rf1+ 50. Ka2 Nc1+ 51. Kb1 Nb3+ 52. Kc2 a4 53. Kc3 Rc1+ 54.
Kb4 Rxc7 55. Kxa4 Nc5+ 56. Kb5 Kf6 57. b4 Ke5 58. Kb6 Rc8 59. bxc5 Rxc5 60. a4
Rxd5 61. a5 Rd3 62. Rxd3 exd3 63. a6 d2 64. a7 d1=Q 65. a8=Q Qd4+ 66. Kc7 Qc4+
67. Kd7 Qf7+ 0-1

[Event "7th Sunway Sitges 2020"]
[Site "Sitges ESP"]
[Date "2020.12.21"]
[Round "8.17"]
[White "Msellek, Ilyass"]
[Black "Gines Esteo, Pedro Antonio"]
[Result "1/2-1/2"]
[WhiteTitle "FM"]
[BlackTitle "IM"]
[WhiteElo "2316"]
[BlackElo "2437"]
[WhiteFideId "675938"]
[BlackFideId "32080190"]
[EventDate "2020.12.13"]

1. e4 c6 2. d4 d5 3. f3 Qb6 4. Nc3 Nf6 5. e5 Nfd7 6. f4 e6 7. Nf3 c5 8. dxc5
Bxc5 9. Na4 Qa5+ 10. c3 Be7 11. b4 Qc7 12. Bd3 a6 13. Bd2 b5 14. Nb2 Nb6 15. Qe2
Nc4 16. Nxc4 bxc4 17. Bc2 a5 18. b5 a4 19. O-O Nd7 20. Nd4 Nc5 21. Rab1 g6 22.
Be3 Bd7 23. b6 Qb7 24. g4 Ra6 25. f5 exf5 26. gxf5 Bxf5 27. Bxf5 gxf5 28. Qg2
Rxb6 29. Rxb6 Qxb6 30. Nxf5 Qc6 31. Qg7 Rf8 32. Nxe7 Kxe7 33. Bh6 Qg6+ 34. Qxg6
hxg6 35. Bxf8+ Kxf8 36. Kf2 Ne4+ 37. Ke3 Nxc3 38. Kd4 Ne2+ 39. Ke3 Nc3 40. Kd4
Ne2+ 41. Ke3 1/2-1/2

[Event "7th Sunway Sitges 2020"]
[Site "Sitges ESP"]
[Date "2020.12.21"]
[Round "8.18"]
[White "Martin Duque, Jesus"]
[Black "Carbonell Sancho, Marc"]
[Result "1-0"]
[WhiteTitle "IM"]
[WhiteElo "2414"]
[BlackElo "2318"]
[WhiteFideId "2208954"]
[BlackFideId "32029969"]
[EventDate "2020.12.13"]

1. e4 d6 2. d4 Nf6 3. Nc3 g6 4. Be3 c6 5. Qd2 b5 6. Bd3 Nbd7 7. Nf3 Bg7 8. Ne2
Bb7 9. Ng3 Ng4 10. Bg5 h6 11. Bh4 Qc7 12. O-O e5 13. h3 Ngf6 14. a4 a6 15. axb5
cxb5 16. d5 O-O 17. b4 Rac8 18. Ra3 Kh7 19. Rfa1 Nb6 20. Qe2 Rfe8 21. Rxa6 Bxa6
22. Rxa6 Ra8 23. Bxb5 Rxa6 24. Bxa6 Ra8 25. Bd3 Qc3 26. Bxf6 Bxf6 27. Qd2 Qa3
28. Nf1 Na4 29. Ne3 Nb2 30. Bb5 Rb8 31. c4 Na4 32. Bxa4 Qxa4 33. b5 Qb3 34. Qa5
Qb1+ 35. Kh2 Rb7 36. Qa6 Rd7 37. Qc6 Rd8 38. Ng4 Bg7 39. Qc7 Rf8 40. Qxd6 Qxe4
41. Nf6+ Bxf6 42. Qxf8 Qf4+ 43. Kh1 Bg7 44. Qc5 e4 45. Ng1 Be5 46. g3 Qf6 47.
Qe3 Bd4 48. Qf4 Qe7 49. Ne2 Bc5 50. Nc3 e3 51. fxe3 Bxe3 52. Qe4 Qg5 53. Kg2 Bc5
54. Qf4 Qe7 55. Ne4 Bb4 56. b6 Kg7 57. d6 Qb7 58. Qe5+ Kg8 59. Qe8+ Kg7 60. d7 1-0

[Event "7th Sunway Sitges 2020"]
[Site "Sitges ESP"]
[Date "2020.12.21"]
[Round "8.19"]
[White "Krysa, Leandro"]
[Black "Boyer, Mahel"]
[Result "1-0"]
[WhiteTitle "GM"]
[BlackTitle "FM"]
[WhiteElo "2544"]
[BlackElo "2307"]
[WhiteFideId "116807"]
[BlackFideId "45102422"]
[EventDate "2020.12.13"]

1. c4 e6 2. Nc3 d5 3. d4 Nf6 4. cxd5 exd5 5. Bg5 c6 6. e3 Bf5 7. Qf3 Be6 8. Bxf6
Qxf6 9. Qxf6 gxf6 10. Nf3 Nd7 11. Bd3 Nb6 12. Nh4 Nc4 13. Rb1 Bb4 14. Kd1 a5 15.
Kc2 a4 16. Bxc4 dxc4 17. a3 Be7 18. e4 O-O-O 19. Rbd1 b5 20. g3 Rhe8 21. Rhe1
Kc7 22. d5 Bd7 23. dxc6 Bxc6 24. Nf5 Bc5 25. f3 Kb6 26. g4 b4 27. axb4 Bxb4 28.
Nd4 Kc5 29. Nxc6 Kxc6 30. Rd5 Rb8 31. Rf5 Re6 32. Ra1 Bxc3 33. Kxc3 Rb3+ 34.
Kxc4 Rxb2 35. Rxa4 Rc2+ 36. Kd3 Rxh2 37. Ra7 Rh6 38. Rxf7 Kd6 39. Ke3 Kc6 40.
Kf4 Kb6 41. Rh5 1-0

[Event "7th Sunway Sitges 2020"]
[Site "Sitges ESP"]
[Date "2020.12.21"]
[Round "8.20"]
[White "Cuenca Jimenez, Jose Fernando"]
[Black "Dalaud, Dorian"]
[Result "1-0"]
[WhiteTitle "GM"]
[WhiteElo "2528"]
[BlackElo "2291"]
[WhiteFideId "2255570"]
[BlackFideId "36093270"]
[EventDate "2020.12.13"]

1. d4 Nf6 2. c4 g6 3. Nc3 Bg7 4. e4 d6 5. Nf3 O-O 6. Be2 Na6 7. O-O e5 8. Be3 c6
9. Re1 exd4 10. Nxd4 Re8 11. f3 d5 12. cxd5 cxd5 13. Bb5 Bd7 14. exd5 Nc7 15.
Bc4 b5 16. Bb3 b4 17. d6 bxc3 18. dxc7 Qxc7 19. Rc1 Qa5 20. bxc3 Nd5 21. Bd2 Qc5
22. Kh1 Rxe1+ 23. Qxe1 Re8 24. Qf1 Bxd4 25. cxd4 Qxd4 26. Be1 Nf4 27. Rd1 Qb2
28. Bxf7+ Kxf7 29. Qc4+ Nd5 30. Qxd5+ Be6 31. Qd6 Qe2 32. Bg3 Qxa2 33. Be5 Re7
34. Bc3 Qa4 35. Re1 Qb5 36. Qd4 Ke8 37. Bb4 Rd7 38. Qh8+ 1-0

[Event "7th Sunway Sitges 2020"]
[Site "Sitges ESP"]
[Date "2020.12.21"]
[Round "8.21"]
[White "Garriga Cazorla, Pere"]
[Black "Souhardo, Basak"]
[Result "0-1"]
[WhiteTitle "IM"]
[WhiteElo "2487"]
[BlackElo "2276"]
[WhiteFideId "32011601"]
[BlackFideId "35092910"]
[EventDate "2020.12.13"]

1. d4 Nf6 2. c4 e6 3. Nf3 b6 4. g3 Ba6 5. Qc2 Bb4+ 6. Bd2 Bxd2+ 7. Nbxd2 Bb7 8.
e4 d6 9. Bg2 Qe7 10. O-O e5 11. a3 Nbd7 12. b4 O-O 13. d5 c6 14. dxc6 Bxc6 15.
Qd3 Rfd8 16. Ne1 Nf8 17. Nc2 Ne6 18. Nb1 a5 19. Nc3 Qb7 20. Rab1 axb4 21. axb4
Nc7 22. Nd5 Bxd5 23. exd5 b5 24. Ne3 bxc4 25. Qxc4 Nb5 26. Nf5 e4 27. Rbc1 g6
28. Ne3 Rac8 29. Qb3 Rxc1 30. Rxc1 Rc8 31. Rc4 Re8 32. Rc1 Rc8 33. Qb2 Rxc1+ 34.
Qxc1 Qc7 35. Qc6 Qxc6 36. dxc6 d5 37. f3 d4 38. Bf1 Na7 39. c7 dxe3 40. fxe4
Nxe4 41. Kg2 Kf8 42. Bd3 Nd6 43. Kf3 Ke7 44. Kxe3 Kd7 45. Kf4 f6 46. h4 Nc6 47.
b5 Nb4 48. Bb1 Nd5+ 49. Kg4 Kxc7 50. h5 Ne7 51. hxg6 hxg6 52. Kh4 Nxb5 53. g4
g5+ 54. Kh5 Kd6 0-1

[Event "7th Sunway Sitges 2020"]
[Site "Sitges ESP"]
[Date "2020.12.21"]
[Round "8.22"]
[White "Esplugas Esteve, Vicenc"]
[Black "Asis Gargatagli, Hipolito"]
[Result "1-0"]
[WhiteTitle "FM"]
[BlackTitle "GM"]
[WhiteElo "2319"]
[BlackElo "2470"]
[WhiteFideId "22200789"]
[BlackFideId "2260735"]
[EventDate "2020.12.13"]

1. e4 c5 2. Nf3 d6 3. Bb5+ Nd7 4. O-O a6 5. Bd3 Ngf6 6. Re1 b5 7. c4 g5 8. Nxg5
Ne5 9. Bf1 bxc4 10. d4 cxd4 11. f4 Nc6 12. Bxc4 e6 13. e5 d5 14. Bd3 Nd7 15.
Nxe6 fxe6 16. Qh5+ Ke7 17. f5 h6 18. Bg5+ hxg5 19. Qxg5+ Ke8 20. Qg6+ Ke7 21.
Qxe6# 1-0

[Event "7th Sunway Sitges 2020"]
[Site "Sitges ESP"]
[Date "2020.12.21"]
[Round "8.23"]
[White "Siebrecht, Sebastian"]
[Black "Ortega Serra, Marc"]
[Result "1/2-1/2"]
[WhiteTitle "GM"]
[WhiteElo "2429"]
[BlackElo "2288"]
[WhiteFideId "4609352"]
[BlackFideId "2293137"]
[EventDate "2020.12.13"]

1. Nf3 d5 2. g3 Nf6 3. Bg2 e6 4. O-O Be7 5. d3 O-O 6. Nbd2 c5 7. e4 Nc6 8. Re1
b5 9. c3 a5 10. e5 Nd7 11. h4 a4 12. a3 Nb6 13. Nf1 Bb7 14. d4 cxd4 15. Nxd4
Nxd4 16. Qxd4 Rc8 17. Qg4 Kh8 18. Nd2 Nc4 19. Nf3 Bc5 20. Ng5 Qb6 21. Re2 h6 22.
Qh5 d4 23. cxd4 Bxd4 24. Nxf7+ Rxf7 25. Qxf7 Bxg2 26. Kxg2 Nxe5 27. Qh5 Qc6+ 28.
f3 Rf8 29. Rxe5 Bxe5 30. Bxh6 Bxb2 31. Bc1+ Kg8 32. Bxb2 Qc2+ 33. Kg1 Qxb2 34.
Rf1 Qxa3 35. Qxb5 Qe3+ 36. Kg2 a3 37. Rf2 Rd8 38. Re2 Rd2 39. Qe8+ Kh7 40. Qh5+
Kg8 1/2-1/2

[Event "7th Sunway Sitges 2020"]
[Site "Sitges ESP"]
[Date "2020.12.21"]
[Round "8.24"]
[White "Hernando Rodrigo, Julio Antonio"]
[Black "Bulmaga, Irina"]
[Result "0-1"]
[WhiteTitle "IM"]
[BlackTitle "IM"]
[WhiteElo "2275"]
[BlackElo "2424"]
[WhiteFideId "2208350"]
[BlackFideId "13903063"]
[EventDate "2020.12.13"]

1. d4 Nf6 2. c4 e6 3. Nf3 d5 4. g3 dxc4 5. Bg2 a6 6. a4 Nc6 7. O-O Rb8 8. Nc3
Be7 9. e4 O-O 10. Be3 b5 11. axb5 axb5 12. d5 b4 13. dxc6 bxc3 14. bxc3 Nxe4 15.
Bd4 f6 16. Qe2 Nd6 17. Rfd1 e5 18. Bc5 Qe8 19. Ra7 Nb5 20. Qxc4+ Kh8 21. Raa1
Nd6 22. Bxd6 Bxd6 23. Nh4 Be6 24. Bd5 Bxd5 25. Rxd5 Rb6 26. Ra6 Rxa6 27. Qxa6 g6
28. c4 Qe6 29. Qa2 g5 30. Ng2 e4 31. Ne3 Be5 32. Qb1 f5 33. g4 fxg4 34. Kg2 Qf6
35. Qg1 Qf3+ 36. Kf1 Qxe3 37. Rxe5 Qd3+ 38. Kg2 Qf3+ 39. Kf1 Ra8 0-1

[Event "7th Sunway Sitges 2020"]
[Site "Sitges ESP"]
[Date "2020.12.21"]
[Round "8.25"]
[White "Gatineau, Yovann"]
[Black "Exposito Amaro, Josue"]
[Result "1-0"]
[WhiteTitle "IM"]
[BlackTitle "FM"]
[WhiteElo "2423"]
[BlackElo "2273"]
[WhiteFideId "26028999"]
[BlackFideId "2223198"]
[EventDate "2020.12.13"]

1. d4 f5 2. e4 fxe4 3. Nc3 Nf6 4. Bg5 d5 5. Bxf6 exf6 6. Qh5+ g6 7. Qxd5 Bb4 8.
Qxe4+ Kf7 9. Bc4+ Kg7 10. Ne2 Bxc3+ 11. bxc3 Nc6 12. O-O Bf5 13. Qf3 Bxc2 14.
Nf4 Bf5 15. Be6 Qd6 16. Bxf5 gxf5 17. Rae1 Rae8 18. Nh5+ Kf7 19. Ng3 Ne7 20.
Nxf5 Nxf5 21. Qh5+ Kg7 22. Rxe8 Rxe8 23. Qxe8 Qd5 24. Qe2 1-0

[Event "7th Sunway Sitges 2020"]
[Site "Sitges ESP"]
[Date "2020.12.21"]
[Round "8.26"]
[White "Garcia Jimenez, Francisco Javier"]
[Black "Svoboda, Vaclav2"]
[Result "1-0"]
[WhiteTitle "FM"]
[WhiteElo "2288"]
[BlackElo "2407"]
[WhiteFideId "2231590"]
[BlackFideId "323551"]
[EventDate "2020.12.13"]

1. e4 c5 2. Nc3 Nc6 3. g3 g6 4. Bg2 Bg7 5. d3 d6 6. Be3 e5 7. Qd2 Nge7 8. Bh6
Bxh6 9. Qxh6 Nd4 10. O-O-O Bg4 11. Rf1 Qa5 12. f4 Be6 13. fxe5 dxe5 14. Bh3 Bxa2
15. Qg7 Rf8 16. Qxe5 Be6 17. Bxe6 Qa1+ 18. Nb1 Nxe6 19. Ne2 Nc6 20. Qf6 Rd8 21.
Nc3 Kd7 22. Qh4 h5 23. Rf6 Kc8 24. Rhf1 Ne5 25. g4 hxg4 26. Qg3 Nf3 27. h3 Rd7
28. Rxe6 fxe6 29. Qxg4 Rdf7 30. Qxe6+ Kb8 31. Qd6+ Ka8 32. Nd5 Qa5 33. Nbc3 Qa1+
34. Nb1 Qa5 35. Nbc3 Qd8 36. Qxc5 Qg5+ 37. Kb1 Nd2+ 38. Ka2 Qd8 39. Nc7+ Kb8 40.
Ne6 Qb6 41. Qxf8+ 1-0

[Event "7th Sunway Sitges 2020"]
[Site "Sitges ESP"]
[Date "2020.12.21"]
[Round "8.27"]
[White "Romanishin, Oleg M"]
[Black "Antova, Gabriela"]
[Result "1-0"]
[WhiteTitle "GM"]
[BlackTitle "FM"]
[WhiteElo "2402"]
[BlackElo "2247"]
[WhiteFideId "14100088"]
[BlackFideId "2915235"]
[EventDate "2020.12.13"]

1. Nf3 d5 2. g3 Nf6 3. Bg2 Bg4 4. c4 c6 5. Qb3 Qb6 6. d3 Nbd7 7. Be3 Qc7 8. cxd5
Nxd5 9. Bd2 e6 10. O-O Be7 11. Nc3 O-O 12. h3 Bh5 13. e4 Nc5 14. Nxd5 exd5 15.
Qc2 dxe4 16. dxe4 Bxf3 17. Bxf3 Ne6 18. Be3 Rfd8 19. Rad1 Bf6 20. Bg4 Nd4 21.
Qc4 Qe5 22. Rfe1 Qb5 23. Qxb5 Nxb5 24. Bc1 Rxd1 25. Bxd1 Rd8 26. Kg2 g6 27. e5
Be7 28. Bf3 Bb4 29. Rd1 Rxd1 30. Bxd1 Nd4 31. Be3 c5 32. a3 Ba5 33. Bf3 Bc7 34.
Bxb7 Bxe5 35. f4 Bg7 36. g4 h6 37. Bd5 Nc2 38. Bxc5 Bxb2 39. a4 Bd4 40. Bxd4
Nxd4 41. Kf2 Nc2 42. Kf3 Nb4 43. Ke4 Kf8 44. Bc4 Ke7 45. Kd4 Nc6+ 46. Kc5 Nd8
47. Kb5 Kd6 48. Ka6 Kc5 49. Ba2 f6 50. Kxa7 Nc6+ 51. Kb7 g5 52. f5 Nb4 53. Bf7
Nc6 54. Be8 Na5+ 55. Kc7 Nc4 56. Kd7 Nb6+ 57. Ke6 Nd5 58. a5 Nf4+ 59. Kxf6 Nxh3
60. Kg7 Nf2 61. Bh5 Ne4 62. f6 1-0

[Event "7th Sunway Sitges 2020"]
[Site "Sitges ESP"]
[Date "2020.12.21"]
[Round "8.28"]
[White "Peycheva, Gergana"]
[Black "Yu, Jennifer"]
[Result "0-1"]
[WhiteTitle "FM"]
[BlackTitle "FM"]
[WhiteElo "2257"]
[BlackElo "2328"]
[WhiteFideId "2916711"]
[BlackFideId "2078341"]
[EventDate "2020.12.13"]

1. d4 d5 2. c4 c6 3. Nf3 Nf6 4. e3 Bf5 5. Nc3 e6 6. Nh4 Be4 7. f3 Bg6 8. Qb3 Qc7
9. Bd2 Be7 10. Nxg6 hxg6 11. O-O-O dxc4 12. Bxc4 b5 13. Be2 a5 14. Kb1 Nbd7 15.
Rc1 b4 16. Ne4 Rxh2 17. Nxf6+ gxf6 18. Rxh2 Qxh2 19. Rxc6 Qxg2 20. Qc4 Kf8 21.
Bc1 Kg7 22. Qc2 Bd8 23. Qd2 Nb6 24. e4 Rc8 25. d5 Rxc6 26. dxc6 Bc7 27. Qh6+ Kg8
28. Qe3 g5 29. Bd1 Nc4 30. Qd4 Qf1 31. Qd7 Kg7 32. Qxc7 Qxd1 33. Qd7 Nd6 34. b3
Qd3+ 35. Kb2 a4 36. bxa4 Nc4+ 37. Ka1 Qc2 0-1

[Event "7th Sunway Sitges 2020"]
[Site "Sitges ESP"]
[Date "2020.12.21"]
[Round "8.29"]
[White "Dragnev, Valentin"]
[Black "Csiki, Endre"]
[Result "1-0"]
[WhiteTitle "GM"]
[BlackTitle "FM"]
[WhiteElo "2564"]
[BlackElo "2231"]
[WhiteFideId "1634852"]
[BlackFideId "775126"]
[EventDate "2020.12.13"]

1. e4 e5 2. Nf3 Nc6 3. Bb5 a6 4. Ba4 Nf6 5. O-O Be7 6. Re1 b5 7. Bb3 d6 8. c3
O-O 9. h3 Na5 10. Bc2 c5 11. d4 Nd7 12. a4 Bb7 13. d5 Kh8 14. b3 c4 15. bxc4
Nxc4 16. Na3 Nxa3 17. Bxa3 Nb6 18. Qd3 f5 19. exf5 Nxd5 20. f6 Nxf6 21. Nxe5
dxe5 22. Qxd8 Rfxd8 23. Bxe7 Rd2 24. Bf5 bxa4 25. Rxa4 Nd5 26. Bg5 Rb2 27. Rae4
Nf6 28. Rxe5 Rb6 29. Re7 Bd5 30. Be3 Rc6 31. Bd4 a5 32. g4 h6 33. h4 Bg8 34. g5
hxg5 35. hxg5 Nh5 36. R1e4 Bh7 37. Rh4 Bxf5 38. Rxh5+ Bh7 39. Rxg7 1-0

[Event "7th Sunway Sitges 2020"]
[Site "Sitges ESP"]
[Date "2020.12.21"]
[Round "8.40"]
[White "Perez Bolanos, David"]
[Black "Eizaguerri Floris, Maria"]
[Result "0-1"]
[BlackTitle "WFM"]
[WhiteElo "2068"]
[BlackElo "2167"]
[WhiteFideId "24564400"]
[BlackFideId "32065752"]
[EventDate "2020.12.13"]

1. e4 c5 2. Nf3 d6 3. c3 Nf6 4. g3 g6 5. Bg2 Bg7 6. O-O O-O 7. Re1 Nc6 8. d4 Bg4
9. Qd3 Bxf3 10. Bxf3 cxd4 11. cxd4 Qb6 12. d5 Nd4 13. Bg2 Ng4 14. Nc3 Nb3 15.
Be3 Nxe3 16. axb3 Nxg2 17. Kxg2 Qxb3 18. Reb1 Rfc8 19. Ra3 Qb4 20. h4 h5 21. Qc2
b5 22. Ra6 Rc4 23. Qd3 Rc5 24. Rc6 a6 25. Rxc5 Qxc5 26. Ra1 Ra7 27. Rc1 Qd4 28.
Qxd4 Bxd4 29. Nd1 a5 30. Rc8+ Kg7 31. Rb8 b4 32. Rb5 Bc5 33. b3 Bd4 34. Kf3 a4
35. bxa4 Rxa4 36. Ke2 Ra2+ 37. Kf3 Ra3+ 38. Ke2 Ra2+ 39. Kf3 Bc5 40. Kf4 Rd2 0-1

[Event "7th Sunway Sitges 2020"]
[Site "Sitges ESP"]
[Date "2020.12.21"]
[Round "8.41"]
[White "Maloberti, David"]
[Black "Toncheva, Nadya"]
[Result "0-1"]
[BlackTitle "WFM"]
[WhiteElo "2076"]
[BlackElo "2321"]
[WhiteFideId "620149"]
[BlackFideId "2924056"]
[EventDate "2020.12.13"]

1. d4 d5 2. c4 dxc4 3. Nf3 Nf6 4. e3 Bg4 5. Bxc4 e6 6. Qb3 Bxf3 7. gxf3 Qc8 8.
e4 c6 9. Rg1 g6 10. Nc3 Bg7 11. e5 Nd5 12. Ne4 O-O 13. Nd6 Qd8 14. Qxb7 Nd7 15.
f4 N7b6 16. Qxc6 Qh4 17. Bxd5 Nxd5 18. Qc2 Qxh2 19. Rg3 Qh1+ 20. Kd2 Bh6 21. Ke2
Bxf4 22. Rf3 Qh5 23. Qe4 Bxc1 24. Rxc1 Rab8 25. b3 f6 26. Kd2 fxe5 27. Rxf8+
Rxf8 28. Rc8 Qg5+ 29. Kd3 Rxc8 30. Nxc8 Qc1 31. Nd6 Nf4+ 0-1

[Event "7th Sunway Sitges 2020"]
[Site "Sitges ESP"]
[Date "2020.12.21"]
[Round "8.42"]
[White "Martin Barcelo, Carles"]
[Black "Alcala Gonzalez, Cesar"]
[Result "1-0"]
[WhiteElo "2179"]
[BlackElo "2088"]
[WhiteFideId "24561444"]
[BlackFideId "24584878"]
[EventDate "2020.12.13"]

1. e4 c6 2. d4 d5 3. exd5 cxd5 4. Bd3 Nc6 5. c3 Qc7 6. h3 Nf6 7. Nf3 g6 8. Qc2
Nh5 9. O-O Nf4 10. Bb5 Bg7 11. Re1 Bf5 12. Qd2 Ne6 13. Qd1 a6 14. Bf1 O-O 15.
Be3 b5 16. Nbd2 Na5 17. b4 Nb7 18. Qb3 Nd6 19. a4 Nc4 20. Nxc4 dxc4 21. Qd1 Qb7
22. g3 Be4 23. Ng5 Nxg5 24. Bxg5 Rae8 25. Bf4 Bd5 26. Qd2 f6 27. Bh6 Bxh6 28.
Qxh6 e5 29. dxe5 Rxe5 30. Rxe5 fxe5 31. Qe3 Qf7 32. axb5 axb5 33. Rd1 Qf3 34.
Qxf3 Bxf3 35. Re1 Rd8 36. Rxe5 Rd1 37. Re3 Bc6 38. f3 Bd7 39. Kf2 Kf7 40. h4 Rc1
41. g4 h6 42. Bg2 g5 43. Kg3 Rc2 44. Bh3 Rc1 45. f4 Rg1+ 46. Kf2 gxf4 47. Rf3
Rc1 48. Rxf4+ Kg7 49. Rf3 Bc6 50. Re3 Bd5 51. Kg3 Rc2 52. Kf4 Rf2+ 53. Ke5 Rd2
54. Bf1 Bg2 55. Bxg2 Rxg2 56. Re4 Rd2 57. Rd4 Rd3 58. Kd5 Rxc3 59. Kc5 Rd3 60.
Rf4 c3 61. Kxb5 Rh3 62. h5 Rh1 63. Rc4 Rc1 64. Kc6 Kf6 65. b5 Kg5 66. b6 Rb1 67.
Rxc3 Kxg4 68. Rc5 1-0

[Event "7th Sunway Sitges 2020"]
[Site "Sitges ESP"]
[Date "2020.12.21"]
[Round "8.43"]
[White "Odnorozhenko, Evgenyi"]
[Black "Millaret Lores, Francesc"]
[Result "1/2-1/2"]
[WhiteTitle "IM"]
[WhiteElo "2170"]
[BlackElo "2073"]
[WhiteFideId "14116588"]
[BlackFideId "2272741"]
[EventDate "2020.12.13"]

1. d4 Nf6 2. c4 c5 3. e3 e6 4. Nf3 g6 5. Nc3 Bg7 6. Be2 O-O 7. O-O b6 8. d5 exd5
9. cxd5 d6 10. Nd2 Bb7 11. e4 Re8 12. Qc2 Na6 13. a3 Nc7 14. Nc4 Ba6 15. Bf4
Bxc4 16. Bxc4 b5 17. Nxb5 Nxb5 18. Bxb5 Rxe4 19. Bg5 Rg4 20. Bd2 Rb8 21. Be2 Rd4
22. Be3 Rxd5 23. Bf3 Rf5 24. b4 Rxf3 25. gxf3 Nd5 26. Rad1 Nxe3 27. fxe3 Qg5+
28. Kh1 Qxe3 29. Rxd6 Be5 30. Rd3 Qf4 31. Qd2 Qxd2 32. Rxd2 cxb4 33. axb4 Rxb4
34. Re1 Bc3 35. Re8+ Kg7 36. Rd7 a5 37. Ra8 Rf4 38. Kg2 h5 39. h3 h4 40. Rc7 Bb4
41. Rb7 Rf5 42. Raa7 g5 43. Ra6 Rf6 44. Rxf6 Kxf6 45. f4 gxf4 46. Kf3 Ke6 47.
Ra7 f5 48. Ra8 Ke5 49. Re8+ Kd5 50. Kxf4 Kc4 51. Ra8 Be1 52. Kxf5 Kb4 53. Rxa5 1/2-1/2

[Event "7th Sunway Sitges 2020"]
[Site "Sitges ESP"]
[Date "2020.12.21"]
[Round "8.44"]
[White "Luque Saiz, Andres"]
[Black "Mitran, Anthony Cristian"]
[Result "1/2-1/2"]
[WhiteElo "2069"]
[BlackElo "2157"]
[WhiteFideId "24510793"]
[BlackFideId "240052"]
[EventDate "2020.12.13"]

1. e4 c5 2. Nf3 Nc6 3. Bb5 g6 4. Bxc6 dxc6 5. d3 Bg4 6. Nbd2 Bg7 7. h3 Bxf3 8.
Nxf3 Nf6 9. O-O O-O 10. Be3 b6 11. Qc1 Re8 12. Rb1 Qc8 13. a3 Qa6 14. Nd2 e5 15.
b4 cxb4 16. axb4 Nd7 17. Nc4 Red8 18. Nd6 Qa2 19. Nc4 Qa6 20. Bh6 Qb7 21. Bxg7
Kxg7 22. f4 f6 23. fxe5 Nxe5 24. Nxe5 fxe5 25. Qg5 Qc7 26. Rf6 Rf8 27. Rbf1 Qd8
28. Rxf8 Qxg5 29. Rxa8 Qe7 30. Ra1 Qxb4 31. R8xa7+ Kh6 32. Kf1 1/2-1/2

[Event "7th Sunway Sitges 2020"]
[Site "Sitges ESP"]
[Date "2020.12.21"]
[Round "8.45"]
[White "Hapala, Elisabeth"]
[Black "Serrano Aspa, Xavier"]
[Result "1/2-1/2"]
[WhiteTitle "WFM"]
[WhiteElo "2154"]
[BlackElo "2061"]
[WhiteFideId "1622080"]
[BlackFideId "2219077"]
[EventDate "2020.12.13"]

1. e4 d5 2. exd5 Qxd5 3. Nc3 Qd8 4. d4 Nf6 5. Nf3 Bg4 6. h3 Bxf3 7. Qxf3 c6 8.
Be3 e6 9. O-O-O Nbd7 10. Kb1 Bb4 11. Ne4 Nxe4 12. Qxe4 Nf6 13. Qf3 Qc7 14. c3
Bd6 15. Bd3 Nd5 16. Bc1 O-O-O 17. Rhe1 h6 18. Bf1 c5 19. c4 Nf6 20. dxc5 Bxc5
21. Bf4 Qb6 22. Bg3 Rxd1+ 23. Rxd1 Rd8 24. Be2 Rxd1+ 25. Bxd1 Qd8 26. Kc2 Qd4
27. Qd3 Ne4 28. Qxd4 Bxd4 29. Kd3 Bxf2 30. Be5 Nf6 31. Bxf6 gxf6 1/2-1/2

[Event "7th Sunway Sitges 2020"]
[Site "Sitges ESP"]
[Date "2020.12.21"]
[Round "8.46"]
[White "Villar Reymundo, Juan Antonio"]
[Black "Perez Bolanos, Joel"]
[Result "1-0"]
[WhiteElo "2129"]
[BlackElo "2058"]
[WhiteFideId "3802744"]
[BlackFideId "24564419"]
[EventDate "2020.12.13"]

1. Nf3 d5 2. g3 Nf6 3. Bg2 c5 4. O-O e6 5. d4 cxd4 6. Nxd4 e5 7. Nb3 Be6 8. Bg5
Nbd7 9. Kh1 h6 10. Bc1 Be7 11. f4 exf4 12. Bxf4 h5 13. Nc3 h4 14. gxh4 Nb6 15.
e4 Rxh4 16. exd5 Nbxd5 17. Nxd5 Nxd5 18. Bg3 Rh6 19. Qd4 Bf6 20. Qa4+ Kf8 21.
Rad1 Bh4 22. Be5 Qg5 23. Rxd5 Bxd5 24. Bxd5 Rf6 25. Rxf6 gxf6 26. Bd6+ Kg7 27.
Bf3 Rd8 28. Bf4 Qf5 29. Qe4 Qh3 30. Qe2 Re8 31. Qg2+ Qxg2+ 32. Kxg2 Bg5 33. Bg3
b6 34. Nd4 Rd8 35. Nf5+ Kg8 36. Be4 Bc1 37. b3 Bb2 38. Bd3 Rd7 39. a4 Bc3 40. h4
Bd2 41. Kf3 Bc3 42. Bf4 Be5 43. Be3 Rc7 44. h5 Kh8 45. Bh6 Kh7 46. Bg7 Rd7 47.
h6 Kg8 48. Kg4 Rc7 49. Kh5 Rd7 50. Bf8 Rc7 51. Bb4 Kh8 52. Bd6 Rd7 53. Bxe5 fxe5
54. Kg5 Kh7 55. Kf6 Rc7 56. Kxe5 Kg6 57. Kd6 Rc3 58. Ne3+ Kxh6 59. Nc4 a6 60.
Nxb6 1-0